00985cam a22003494i 4500003000900000005001700009008004100026020001500067035002700082040003300109082002000142100002700162245003700189264007700226300003800303336002100341337002500362338002300387505009900410526001000509526001000519526001000529526001000539526000800549526000800557526000800565526000800573526000800581526000800589526000800597650003000605PE-LiUPU20250731173537.0150616s r 000 0 d a0802841325 a(Sirsi) i9780802841322 aPE-LiUPUbspacPE-LiUPUerda04a252.03bW922211 aWright, N. T.,eautor.10aFollowing Jesus /cN. T. Wright. 1aGrand Rapids, Michigan :bWilliam B. Eerdmans Publishing Company,c1994. a114 páginas ;c21 centímetros atext2rdacontent aunmediated2rdamedia avolume2rdacarrier0 aLooking to Jesus.- A living sacrifice.- The final sacrifice: Hebrews.- The glory of God: John. aSEG42 aSEG41 aSEG40 aSEG39 aP94 aP87 aP86 aP85 aP77 aP76 aP3504aVida cristianavSermones.